Dawid Kubacki - quiz wielokrotnego wyboru - Statystyki

Ogólne statystyki
  • Ten quiz został rozwiązany 137 razy
  • Średni wynik to 6 z 10
Statystyki odpowiedzi
Zagadnienie Odpowiedź % Poprawnych
Co robi Dawid Kubacki przez każdym skokiem? Czyni znak krzyża
92%
Czym charakteryzuje się lot Kubackiego? Wysoką parabolą
79%
Gdzie i kiedy Dawid Kubacki został indywidualnym mistrzem świata na skoczni normalnej w skokach narciarskich? Seefeld 2019
76%
W jakiej miejscowości odbyły się te zawody? W Zakopanem
76%
Gdzie urodził się Dawid Kubacki? W Nowym Targu
72%
W którym roku nastąpiło to ostatni raz? 2022
56%
Jaką nazwę nosi skocznia narciarska w Bischofshofen, której Dawid Kubacki jest aktualnym rekordzistą? Paul-Ausserleitner-Schanze
54%
W którym roku zadebiutował w Pucharze Świata? W 2009
43%
Ile razy Dawid Kubacki stał na podium w Pucharze Świata? 38
26%
Ile razy wygrał klasyfikację końcową Letniego Grand Prix? 4
13%
Nie znaleziono quizów pasujących do podanych kryteriów
Rozkład punktacji
Procent ludzi z każdym wynikiem
Percentyl według liczby udzielonych odpowiedzi
Twoja historia wyników
Nie rozwiązałeś tego quizu